Normal view
MARC view
- shovic, John, Alan simpson
Entry Personal Name
001 - CONTROL NUMBER
- control field: 6348
003 - CONTROL NUMBER IDENTIFIER
- control field: JO-AjAnu
005 - DATE AND TIME OF LATEST TRANSACTION
- control field: 20230606071329.0
008 - FIXED-LENGTH DATA ELEMENTS
- fixed length control field: 230606|| aca||aabn | a|a d
040 ## - CATALOGING SOURCE
- Original cataloging agency: JO-AjAnu
- Transcribing agency: JO-AjAnu
100 ## - HEADING--PERSONAL NAME
- Personal name: shovic, John, Alan simpson
670 ## - SOURCE DATA FOUND
- Source citation: Work cat.: (JO-AjAnu)3288: shovic, John, Alan simpson, author, Python ALL - IN - ONE